Detalles MARC
| 000 -CABECERA |
| campo de control de longitud fija |
01650nam a2200265 i 4500 |
| 003 - IDENTIFICADOR DEL NÚMERO DE CONTROL |
| campo de control |
DO-SdBNP |
| 005 - FECHA Y HORA DE LA ÚLTIMA TRANSACCIÓN |
| campo de control |
20251006144530.0 |
| 007 - CAMPO FIJO DE DESCRIPCIÓN FÍSICA--INFORMACIÓN GENERAL |
| campo de control de longitud fija |
ta |
| 008 - DATOS DE LONGITUD FIJA--INFORMACIÓN GENERAL |
| campo de control de longitud fija |
251006b1985 dr ||||| |||| 00| p spa d |
| 040 ## - FUENTE DE LA CATALOGACIÓN |
| Centro catalogador/agencia de origen |
DO-SdBNP |
| Lengua de catalogación |
spa |
| Centro/agencia transcriptor |
BNPHU |
| Normas de descripción |
rda |
| 041 ## - CÓDIGO DE LENGUA |
| Código de lengua del texto/banda sonora o título independiente |
spa |
| 082 #4 - NÚMERO DE LA CLASIFICACIÓN DECIMAL DEWEY |
| Número de clasificación |
xxx |
| Número de documento/Ítem |
G516h |
| Número de edición |
22 |
| 100 1# - ENTRADA PRINCIPAL--NOMBRE DE PERSONA |
| Nombre de persona |
Gíraldez Casanovas, Laureano, |
| Término indicativo de función/relación |
autor |
| Código de función/relación |
aut. |
| 9 (RLIN) |
88662 |
| 245 10 - MENCIÓN DE TÍTULO |
| Título |
Hilo / |
| Mención de responsabilidad, etc. |
Laureano Gíraldez Casasnovas ; prólogo, Juan Casasnovas Garrido. |
| 264 ## - PRODUCCIÓN, PUBLICACIÓN, DISTRIBUCIÓN, FABRICACIÓN Y COPYRIGHT |
| Producción, publicación, distribución, fabricación y copyright |
Santo Domingo, República Dominicana : |
| Nombre del de productor, editor, distribuidor, fabricante |
Editora Corripio, |
| Fecha de producción, publicación, distribución, fabricación o copyright |
1985. |
| 300 ## - DESCRIPCIÓN FÍSICA |
| Extensión |
101 páginas : |
| Dimensiones |
23 cm. |
| 336 ## - TIPO DE CONTENIDO |
| Término de tipo de contenido |
texto |
| Código de tipo de contenido |
txt |
| Fuente |
rdacontent |
| 337 ## - TIPO DE MEDIO |
| Nombre/término del tipo de medio |
sin mediación |
| Código del tipo de medio |
n |
| Fuente |
rdamedia |
| 338 ## - TIPO DE SOPORTE |
| Nombre/término del tipo de soporte |
volumen |
| Código del tipo de soporte |
nc |
| Fuente |
rdacarrier |
| 505 ## - NOTA DE CONTENIDO CON FORMATO |
| Nota de contenido con formato |
Prólogo, 3 -- Prólogo del autor, 7 -- Tú y yo, 11 -- A la memoria, 15 -- El misterio, 17 -- Una célula, 19 -- Diálogos de dos letras, 21 -- Si quisieras, 23 -- Aguas, 25 -- Llamándote, 27 -- Tiene que amarme, 29 -- Un precio, 31 -- En esa ollita, 25 -- Monólogos entre dos pobrezas, 37 -- Circulo y estela, 43 -- Libertad, 45 -- No comprendes, 49 -- Regalo, 51 -- Nostálgica y especie, 53 -- Levitación, 55 -- El silencio, -- 57 -- Continuo, 59 -- Invierno, 61 -- Del mar, 63 -- Revés, 65 -- Contacto, 69 -- Por qué no fuiste mía, 71 -- No digo, 73 -- Modificación en el tiempo, 73 -- Pasajera, 77 -- Al pasar, 79 -- Bruma, 81 -- Pasajero encuentro, 83 -- Eras el ayer, 85 -- Temeroso, 87 -- Somos distancias, 89 -- A mi madre, 91 --No, hay victoria, 95 -- Para la voz que caiga, 97 -- Aún, 99 |
| 590 ## - NOTA LOCAL (RLIN) |
| Nota local |
Inventariado, 2025 /LP |
| 700 1# - PUNTO DE ACCESO ADICIONAL--NOMBRE DE PERSONA |
| Nombre de persona |
Casasnovas Garrido, Juan |
| Término indicativo de función/relación |
prologuista |
| Código de función/relación |
pr. |
| 9 (RLIN) |
88663 |
| 910 ## - DATOS DE OPCIÓN DEL USUARIO (OCLC) |
| Datos de opción del usuario |
LP |
| 942 ## - ELEMENTOS DE PUNTO DE ACCESO ADICIONAL (KOHA) |
| Fuente del sistema de clasificación o colocación |
Dewey Decimal Classification |
| Tipo de ítem Koha |
Libro |